Le songe (traduction de l'auteur) (Record no. 148514)

MARC details
000 -LEADER
campo de control de longitud fija 00911nam a2200253 i 4500
001 - NÚMERO DE CONTROL
campo de control 148514
003 - IDENTIFICADOR DE NÚMERO DE CONTROL
campo de control ES-MaACL
005 - FECHA Y HORA DE LA ÚLTIMA TRANSACCIÓN
campo de control 20230906202658.0
007 - CAMPO FIJO DE DESCRIPCIÓN FÍSICA--INFORMACIÓN GENERAL
campo de control de longitud fija t|
008 - DATOS DE LONGITUD FIJA--INFORMACIÓN GENERAL
campo de control de longitud fija 070214s1924 fr |||| | fre d
100 1# - ENTRADA PRINCIPAL--NOMBRE DE PERSONA
Nombre de persona Strindberg, August.
9 (RLIN) 108433
245 13 - MENCIÓN DEL TÍTULO
Título Le songe (traduction de l'auteur)
Resto del título : [suivi de] ; Deux féeries ; La Couronne de la mariée ; Swanevit /
Mención de responsabilidad, etc. August Strindberg ; traduction du suédois par J. Bucher et A. Wall.
250 ## - MENCION DE EDICION
Mención de edición 5ème éd.
260 ## - PUBLICACIÓN, DISTRIBUCIÓN, ETC.
Lugar de publicación, distribución, etc. Paris :
Nombre del editor, distribuidor, etc. Librairie Stock : Delamain Boutelleau & Cie,
Fecha de publicación, distribución, etc. 1924 (
Lugar de fabricación/manufactura Saint-Amand :
Fabricante Imp. Bussière)
300 ## - DESCRIPCIÓN FÍSICA
Extensión 318 p. ;
Dimensiones 19 cm.
490 1# - MENCIÓN DE SERIE
Mención de serie Bibliothèque cosmopolite
490 1# - MENCIÓN DE SERIE
Mención de serie Collection scandinave
700 1# - ENTRADA AGREGADA--NOMBRE PERSONAL
Nombre de persona Bucher, J.
9 (RLIN) 164290
700 1# - ENTRADA AGREGADA--NOMBRE PERSONAL
Nombre de persona Wall, A.
9 (RLIN) 164291
830 0# - PUNTO DE ACCESO ADICIONAL DE SERIE-TÍTULO UNIFORME
Título uniforme Bibliothèque cosmopolite
9 (RLIN) 181494
830 0# - PUNTO DE ACCESO ADICIONAL DE SERIE-TÍTULO UNIFORME
Título uniforme Collection scandinave
9 (RLIN) 221019
852 ## - LOCALIZACIÓN
Ubicación ES-MaACL
Número de control de estantería A-2244
Holdings
Estatus retirado Estado de pérdida Estado de daño No para préstamo Biblioteca de origen Biblioteca actual Ubicación en estantería Fecha de adquisición Fuente de adquisición Total de préstamos Signatura topográfica completa Código de barras Visto por última vez Precio de reemplazo Tipo de ítem Koha
        Biblioteca del Ateneo de Madrid Biblioteca del Ateneo de Madrid Sala Pecera Planta 1 17/01/2008     A-2244 1154987 23/02/2023 23/02/2023 Libro impreso